[Event "Titled Tuesday intern op 04th Jan"]
[Site "Chess.com INT"]
[Date "2022.01.04"]
[Round "1"]
[White "Suvorov, Alexander David"]
[Black "Karavaeva, Olga"]
[Result "1-0"]
[WhiteElo "2350"]
[BlackElo "2260"]
[PlyCount "51"]
[EventDate "2022.01.04"]
[EventType "swiss (blitz)"]
[EventRounds "11"]
[EventCountry "USA"]
[SourceTitle "EXT 2023"]
[Source "ChessBase"]
[SourceDate "2022.10.05"]
[SourceVersion "1"]
[SourceVersionDate "2022.10.05"]
[SourceQuality "1"]

1. d4 d5 2. c4 e6 3. Nc3 c6 4. e3 Nf6 5. Nf3 Nbd7 6. Qc2 Bd6 7. Bd3 0-0 8. 0-0 dxc4 9. Bxc4 e5 10. a3 Qe7 11. h3 h6 12. Nh4 Nb6 13. Ba2 exd4 14. exd4 Qc7 15. Bxh6 gxh6 16. Qg6+ Kh8 17. Qxf6+ Kg8 18. Qg6+ Kh8 19. Qxh6+ Kg8 20. Qg6+ Kh8 21. Qf6+ Kg8 22. Ng6 Kh7 23. Nxf8+ Bxf8 24. Bxf7 Qd6 25. Qg5 Bh6 26. Qg8# 1-0

[Event "Titled Tuesday intern op 28th Dec"]
[Site "Chess.com INT"]
[Date "2021.12.28"]
[Round "11"]
[White "Grot, Blazej"]
[Black "Karavaeva, Olga"]
[Result "1-0"]
[WhiteElo "1822"]
[BlackElo "2260"]
[PlyCount "59"]
[EventDate "2021.12.28"]
[EventType "swiss (blitz)"]
[EventRounds "11"]
[EventCountry "USA"]
[SourceTitle "CBM 206 Extra"]
[Source "ChessBase"]
[SourceDate "2022.03.31"]
[SourceVersion "1"]
[SourceVersionDate "2022.03.31"]
[SourceQuality "1"]

1. e4 c5 2. Nf3 e6 3. d4 cxd4 4. Nxd4 Nf6 5. Nc3 Nc6 6. Ndb5 d6 7. Bf4 e5 8. Bg5 a6 9. Na3 b5 10. Bxf6 gxf6 11. Nd5 Bg7 12. c3 0-0 13. g3 f5 14. Bg2 fxe4 15. Bxe4 f5 16. Bg2 e4 17. Nc2 Ne5 18. 0-0 Be6 19. Nce3 Kh8 20. Nf4 Bg8 21. Qh5 Qe8 22. Qh3 Qf7 23. Rad1 Rfd8 24. Nxf5 Nf3+ 25. Bxf3 exf3 26. Nxd6 Qf6 27. Ne4 Qc6 28. Ng5 h6 29. Qh5 Rf8 30. Ng6+ 1-0

[Event "Titled Tuesday intern op 28th Dec"]
[Site "Chess.com INT"]
[Date "2021.12.28"]
[Round "7"]
[White "Karavaeva, Olga"]
[Black "Martin Carmona, Gaston Manuel"]
[Result "0-1"]
[WhiteElo "2260"]
[BlackElo "2362"]
[PlyCount "68"]
[EventDate "2021.12.28"]
[EventType "swiss (blitz)"]
[EventRounds "11"]
[EventCountry "USA"]
[SourceTitle "CBM 206 Extra"]
[Source "ChessBase"]
[SourceDate "2022.03.31"]
[SourceVersion "1"]
[SourceVersionDate "2022.03.31"]
[SourceQuality "1"]

1. c4 Nf6 2. Nc3 g6 3. g3 Bg7 4. Bg2 0-0 5. d4 d6 6. Nf3 Nc6 7. d5 Na5 8. Nd2 c5 9. 0-0 a6 10. h3 Rb8 11. a4 e6 12. dxe6 Bxe6 13. b3 d5 14. Ba3 b6 15. b4 Nxc4 16. Nxc4 dxc4 17. bxc5 b5 18. axb5 axb5 19. Bb4 Qc7 20. c6 Rfd8 21. Qc1 Nd5 22. Ba5 Qxc6 23. Nxd5 Rxd5 24. Rb1 Qe8 25. Bxd5 Bxd5 26. Rd1 Qe4 27. f3 Bd4+ 28. Kf1 Qe5 29. Qd2 Re8 30. e4 Qxg3 31. Qxd4 Qxf3+ 32. Qf2 Qxh3+ 33. Kg1 Rxe4 34. Be1 Rg4+ 0-1

[Event "Titled Tuesday intern op 28th Dec"]
[Site "Chess.com INT"]
[Date "2021.12.28"]
[Round "2"]
[White "Karavaeva, Olga"]
[Black "Yedidia, Daniel"]
[Result "1-0"]
[WhiteElo "2260"]
[BlackElo "1991"]
[PlyCount "91"]
[EventDate "2021.12.28"]
[EventType "swiss (blitz)"]
[EventRounds "11"]
[EventCountry "USA"]
[SourceTitle "CBM 206 Extra"]
[Source "ChessBase"]
[SourceDate "2022.03.31"]
[SourceVersion "1"]
[SourceVersionDate "2022.03.31"]
[SourceQuality "1"]

1. c4 e5 2. Nc3 Nf6 3. g3 Bb4 4. Nd5 Nc6 5. Bg2 0-0 6. e3 d6 7. Ne2 Re8 8. 0-0 Bg4 9. h3 Bh5 10. a3 Bc5 11. b4 Bb6 12. Bb2 Nxd5 13. cxd5 Ne7 14. f4 f6 15. g4 Bf7 16. fxe5 fxe5 17. Nc3 Rf8 18. Kh2 Qd7 19. Qe2 Rae8 20. Rf2 Bg6 21. Raf1 Qd8 22. Na4 Rxf2 23. Rxf2 Rf8 24. Nxb6 axb6 25. e4 Rxf2 26. Qxf2 Qf8 27. Kg3 Be8 28. d4 Ng6 29. Qxf8+ Kxf8 30. dxe5 dxe5 31. h4 h5 32. gxh5 Nf4 33. Bxe5 Nd3 34. Bc3 Bxh5 35. Bf3 Bg6 36. e5 Ke7 37. h5 Bf5 38. e6 g5 39. h6 Nf4 40. Bg4 Bg6 41. Bd2 Nxd5 42. Bxg5+ Ke8 43. Kh4 Nc3 44. Bh5 Bxh5 45. Kxh5 Nb1 46. h7 1-0